| 000 | 00454nam a2200157Ia 4500 | ||
|---|---|---|---|
| 008 | 220216s9999 xx 000 0 und d | ||
| 100 | _aSingh G | ||
| 245 | 0 | _aCarbon sequestration potential of common acess resources in arid and semi-arid regions of Northwestern India | |
| 260 |
_bIndian Forester _c2003 |
||
| 300 | _a859-864 | ||
| 650 | _aCarbon sequestration | ||
| 700 | _aBala N | ||
| 700 | _aChaudhuri K K | ||
| 700 | _aMeena R L | ||
| 942 | _cJS | ||
| 999 |
_c55175 _d55175 |
||